000 00262 a2200109 4500
001 38339
082 _a620.1064AIA
090 _c24356
_d24356
100 _aAIAA
245 _a13th AIAA computational fluid dynamics
_b2 vol.s set
260 _aUSA
_bAIAA
_c1997
942 _aNUST-CAE
_k620.1064AIA
999 _c273412
_d273412